000 00318nam a22001337a 4500
008 180802b xxu||||| |||| 00| 0 eng d
082 _a813.52
245 _aMedical Terminology for Health Professions
_cEhrlich,A
260 _c2001
300 _a1
_fCD
440 _x9780766813274
760 _b4th
942 _2ddc
_cMX
999 _c46702
_d46702